Statistiken für Top 10 Manga (MyAnimeList)

Klicken Sie hier um das Quiz zu spielen!

Allgemein

  • Dieses Quiz wurde 83 mal gespielt
  • Das Durchschnittsergebnis liegt bei 3 aus 10

Antwortstatistiken

PlatzManga% Korrekt
4One Piece
96%
1Berserk
43%
7Vinland Saga
33%
5Monster
31%
8Fullmetal Alchemist
27%
3Vagabond
27%
6Slam Dunk
17%
2JoJo no Kimyou na Bouken Part 7: Steel Ball Run
11%
10Oyasumi Punpun
9%
9Grand Blue
4%

Verteilung der Resultate

Perzentil nach korrekt beantworteten Fragen

Anzahl Personen mit jedem Resultat

Ihre Resultats-Entwicklung

Sie haben dieses Quiz noch nicht gespielt